Chroniques de l'Oeil-de-boeuf, des petits appartements de la Cour et des salons de Paris, sous Louis XIV, la Régence, Louis XV et Louis XVI / (Record no. 166564)

MARC details
000 -LEADER
campo de control de longitud fija 01868nam a2200385 i 4500
001 - NÚMERO DE CONTROL
campo de control 166564
003 - IDENTIFICADOR DE NÚMERO DE CONTROL
campo de control ES-MaACL
005 - FECHA Y HORA DE LA ÚLTIMA TRANSACCIÓN
campo de control 20250808072357.0
008 - DATOS DE LONGITUD FIJA--INFORMACIÓN GENERAL
campo de control de longitud fija 050915q1860 fr a | |||||||| ||fre d
040 ## - FUENTE DE CATALOGACIÓN
Centro catalogador/agencia de origen CAM
Lengua de catalogación spa
Centro/agencia transcriptor CAM
080 ## - NÚMERO DE LA CLASIFICACIÓN DECIMAL UNIVERSAL
Número de la Clasificación Decimal Universal 94(44)"1610/43"
080 ## - NÚMERO DE LA CLASIFICACIÓN DECIMAL UNIVERSAL
Número de la Clasificación Decimal Universal 94(44)"1643/1715"
080 ## - NÚMERO DE LA CLASIFICACIÓN DECIMAL UNIVERSAL
Número de la Clasificación Decimal Universal 94(44)"1715/92"
100 1# - ENTRADA PRINCIPAL--NOMBRE DE PERSONA
Nombre de persona Touchard-Lafosse, Georges,
Fechas asociadas al nombre 1780-1847
Término indicativo de función/relación Autor
9 (RLIN) 133349
245 10 - MENCIÓN DEL TÍTULO
Título Chroniques de l'Oeil-de-boeuf, des petits appartements de la Cour et des salons de Paris, sous Louis XIV, la Régence, Louis XV et Louis XVI /
Mención de responsabilidad, etc. par G. Touchard-Lafosse
250 ## - MENCION DE EDICION
Mención de edición Nouvelle édition augmentée du règne de Louis XIII / illustrée par Janet-Lange.
260 ## - PUBLICACIÓN, DISTRIBUCIÓN, ETC.
Lugar de publicación, distribución, etc. Paris :
Nombre del editor, distribuidor, etc. Librairie Gustave Barba,
Fecha de publicación, distribución, etc. [ca. 1860]
Fabricante (Typ. Gaittet)
300 ## - DESCRIPCIÓN FÍSICA
Extensión [4], 320, [4], 328 páginas :
Otras características físicas ilustraciones ;
Dimensiones 30 cm.
500 ## - NOTA GENERAL
Nota general Précédé d'une notice sur l'auteur par Émile de La Bédollière. D'après cette notice, les chapitres relatifs à Louis XIII.
530 ## - NOTA DISPONIBLE DE FORMULARIO FÍSICO ADICIONAL
Nota de formato físico adicional disponible Disponible en formato digital
600 04 - PUNTO DE ACCESO ADICIONAL DE MATERIA--NOMBRE DE PERSONA
Nombre de persona Luis
Numeración XIII,
Títulos y otros términos asociados al nombre Rey de Francia
9 (RLIN) 129133
600 04 - PUNTO DE ACCESO ADICIONAL DE MATERIA--NOMBRE DE PERSONA
Nombre de persona Luis
Numeración XIV,
Títulos y otros términos asociados al nombre Rey de Francia
9 (RLIN) 74697
600 04 - PUNTO DE ACCESO ADICIONAL DE MATERIA--NOMBRE DE PERSONA
Nombre de persona Luis
Numeración XV,
Títulos y otros términos asociados al nombre Rey de Francia
9 (RLIN) 152777
600 07 - PUNTO DE ACCESO ADICIONAL DE MATERIA--NOMBRE DE PERSONA
Nombre de persona Luis
Numeración XVI,
Títulos y otros términos asociados al nombre Rey de Francia
9 (RLIN) 152778
650 #4 - PUNTO DE ACCESO ADICIONAL DE MATERIA--TÉRMINO DE MATERIA
Término de materia o nombre geográfico como elemento de entrada Corte y cortesanos-
Subdivisión geográfica Francia.
9 (RLIN) 151835
651 #4 - PUNTO DE ACCESO ADICIONAL DE MATERIA--NOMBRE GEOGRÁFICO
Nombre geográfico Francia-
Subdivisión general Historia-
Subdivisión cronológica 1610-1643, Luis XIII
9 (RLIN) 161635
651 #4 - PUNTO DE ACCESO ADICIONAL DE MATERIA--NOMBRE GEOGRÁFICO
Nombre geográfico Francia-
Subdivisión general Historia-
Subdivisión cronológica 1643-1715, Luis XIV
9 (RLIN) 8682
651 #4 - PUNTO DE ACCESO ADICIONAL DE MATERIA--NOMBRE GEOGRÁFICO
Nombre geográfico Francia-
Subdivisión general Historia-
Subdivisión cronológica 1715-1792
9 (RLIN) 8702
700 1# - ENTRADA AGREGADA--NOMBRE PERSONAL
Nombre de persona Janet-Lange,
Fechas asociadas al nombre 1815-1872
Término indicativo de función/relación Ilustrador
9 (RLIN) 241218
852 ## - LOCALIZACIÓN
Ubicación ES-MaACL
Ubicación en estantería Depósito
Anotaciones manuscritas Firma de Eugenio Agüera
Donativo/Legado Legado Goyeneche
Número de control de estantería R-1704(1)
Encuadernación Holandesa
-- Enc. en un vol. facticio
856 4# - LOCALIZACIÓN Y ACCESO ELECTRÓNICOS
Identificador Uniforme de Recursos <a href="https://gallica.bnf.fr/ark:/12148/bpt6k5830708g">https://gallica.bnf.fr/ark:/12148/bpt6k5830708g</a>
Texto de enlace Versión en línea
Nota pública Gallica (Bibliothèque nationale de France)
942 ## - ELEMENTOS DE ENTRADA SECUNDARIOS (KOHA)
Tipo de ítem Koha Libro impreso antiguo
Suprimir en OPAC No
Holdings
Estatus retirado Estado de pérdida Fuente del sistema de clasificación o colocación Estado de daño No para préstamo Colección Biblioteca de origen Biblioteca actual Ubicación en estantería Fecha de adquisición Fuente de adquisición Total de préstamos Signatura topográfica completa Código de barras Visto por última vez Tipo de ítem Koha
    Clasificación decimal universal     Libros del s. XIX Biblioteca del Ateneo de Madrid Biblioteca del Ateneo de Madrid Depósito 17/01/2008 Legado   R-1704(1) 1174695 23/02/2023 Libro impreso antiguo